| 000 | 00969cam a2200253 a 4500 | ||
|---|---|---|---|
| 001 | 13596628 | ||
| 005 | 20180222032354.0 | ||
| 008 | 040518s2004 dcua b 000 0 eng | ||
| 010 | _a 2004107570 | ||
| 020 | _a0309092094 (pbk.) | ||
| 020 | _a0309531942 (pdf) | ||
| 040 |
_aDLC _cDLC _dDLC |
||
| 041 | _aeng | ||
| 042 | _apcc | ||
| 080 | _a664 WAS | ||
| 082 | 0 | 0 |
_a664 WAS _222 |
| 100 | _a10 | ||
| 101 | _aNUT | ||
| 245 | 0 | 0 |
_aSafety of genetically engineered foods : _cCommittee on Identifying and Assessing Unintended Effects of Genetically Engineered Foods on Human Health, Board on Life Sciences, Food and Nutrition Boarad, Board on Agriculture and Natural Resources, Institute of Medicine. |
| 504 | _aIncludes bibliographical references. | ||
| 906 |
_a7 _bcbc _corignew _d2 _eepcn _f20 _gy-gencatlg |
||
| 942 |
_2ddc _cBK |
||
| 999 |
_c43093 _d43093 |
||